| 000 | 00552nam a22001937a 4500 | ||
|---|---|---|---|
| 003 | OSt | ||
| 008 | 260505b |||||||| |||| 00| 0 eng d | ||
| 082 |
_a633.18 _bK98E |
||
| 100 | _aKumar, Manoj. | ||
| 245 |
_aEffect of Transplanting Time and Ni trogen Level on Performance of Low Land Rza sativa L.) Under Delayed Condition / _cby Manoj Kumar |
||
| 260 |
_a.- Pusa, Samastipur _b: RAU _c, 2005 |
||
| 300 | _a129p. | ||
| 502 |
_bAgronomy _d2005 |
||
| 650 | _aAgronomy | ||
| 650 | _aRice | ||
| 650 | _aThesis | ||
| 650 | _aPh. D. | ||
| 942 |
_2ddc _cT |
||
| 999 |
_c50417 _d50417 |
||